Central Library and Information Centre
Sibsagar Girls' College, Sivasagar : Assam

STATISTICS IN PSYCHOLOGY AND EDUCATION (Record no. 8437)

MARC details
000 -LEADER
fixed length control field 00447cam a2200181ua 4500
008 - FIXED-LENGTH DATA ELEMENTS--GENERAL INFORMATION
fixed length control field 191126n II |||gr||||Z||||||eng
040 ## - CATALOGING SOURCE
Original cataloging agency MAIN
041 ## - LANGUAGE CODE
-- English
041 ## - LANGUAGE CODE
-- eng
082 ## - DEWEY DECIMAL CLASSIFICATION NUMBER
Classification number 370.021 GAR
100 ## - MAIN ENTRY--PERSONAL NAME
Personal name GARVETT , HENRY E .
245 ## - TITLE STATEMENT
Title STATISTICS IN PSYCHOLOGY AND EDUCATION
260 ## - PUBLICATION, DISTRIBUTION, ETC.
Place of publication, distribution, etc. BOMBAY:
Name of publisher, distributor, etc. VAKILS,FEFFER AND SIMONS LTD,
Date of publication, distribution, etc. 1982.
300 ## - PHYSICAL DESCRIPTION
Extent 483.
942 ## - ADDED ENTRY ELEMENTS (KOHA)
Koha item type Books
653 ## - INDEX TERM--UNCONTROLLED
Uncontrolled term Educational Statistics
Holdings
Withdrawn status Lost status Damaged status Not for loan Collection code Home library Current library Shelving location Date acquired Full call number Barcode Date last seen Copy number Price effective from Koha item type Public note Total Checkouts Date due Date last checked out
        TBEDU Central Library and Information Centre Sibsagar Girls College Central Library and Information Centre Sibsagar Girls College EDUCATION BOOK RACK 20.04.1983 370.021 GAR 07636 27.02.2020 1 27.02.2020 Books V      
        TBEDU Central Library and Information Centre Sibsagar Girls College Central Library and Information Centre Sibsagar Girls College EDUCATION BOOK RACK 20.04.1983 370.021 GAR 07637 14.03.2026 2 27.02.2020 Books V 1 13.04.2026 14.03.2026


Sibsagar Girl's College © 2020. All rights reserved.
Powered by Koha.
Maintained by Abhijit Borpuzari.